000 01063nam a2200265Ia 4500
003 OSt
005 20220923211531.0
006 a|||||r|||| 00| 0
007 ta
008 220922b |||||||| |||| 00| 0 hin d
020 _a9789381842010 (hbk)
_c899
024 _a273,980
037 _b137, 04/09/2013, Eastern Book Linkers
_cTextual
040 _aARTS
_cARTS
_bhin
041 _2hin
_ahin
082 _aO15,1D40:g, 152Q2
100 _aमिश्र, रामप्यारे
245 0 _aमहाकवि कालिदास और उनका महाकाव्य - शिल्प
246 _ahinākavi kālidās aur unakā hinākāvya - shilpa
260 _aनई दिल्ली
_b आयुष्मान पब्लिकेशन हाउस
_c2012
300 _a280पृ.
_ccm.
650 _aहिन्दी साहित्य
_9156264
942 _hO15,1D40:g, 152Q2
_cTEXL
_2CC
999 _c300527
_d300527